|
|
|
|
| LEADER |
00000nam0a2200000 4500 |
| 001 |
103002 |
| 005 |
20231031113206.0 |
| 010 |
|
|
|a 5705002130
|
| 020 |
|
|
|a RU
|b 92-271
|
| 035 |
|
|
|a (RuTPU)RU\TPU\book\111052
|
| 090 |
|
|
|a 103002
|
| 100 |
|
|
|a 20061010d1991 km y0rusy5003 ca
|
| 101 |
0 |
|
|a rus
|
| 102 |
|
|
|a RU
|
| 105 |
|
|
|a y g 001zy
|
| 200 |
1 |
|
|a Испытания средств измерений. Организация и порядок проведения
|e справочное пособие
|f В. Л. Жутовский
|
| 210 |
|
|
|a Москва
|c Изд-во стандартов
|d 1991
|
| 215 |
|
|
|a 96 с.
|d 21 см
|
| 320 |
|
|
|a Библиогр.: с. 95 (20 назв.)
|
| 610 |
1 |
|
|a справочные пособия
|
| 610 |
1 |
|
|a средства измерений
|
| 610 |
1 |
|
|a испытания
|
| 610 |
1 |
|
|a организация
|
| 610 |
1 |
|
|a аттестация
|
| 610 |
1 |
|
|a сертификация
|
| 610 |
1 |
|
|a контрольно-измерительные инструменты
|
| 610 |
1 |
|
|a качество
|
| 675 |
|
|
|a 621:53.08(08)
|z rus
|v 3
|
| 700 |
|
1 |
|a Жутовский
|b В. Л.
|g Виктор Леонидович
|
| 801 |
|
0 |
|a RU
|b RuMRKP
|c 19950417
|g psbo
|
| 801 |
|
1 |
|a RU
|b 63413507
|c 20061010
|g PSBO
|
| 801 |
|
2 |
|a RU
|b 63413507
|c 20170124
|g PSBO
|
| 942 |
|
|
|c BK
|